000
00294nam a2200109 a 4500
005
20201002044914.0
008
140402s1970 000 spa d
100
_a
Euripides
_9
71492
245
0
_a
Alcestis medea, electra hipoliti.
260
_a
Madrid -- Libra,
_c
1970 -- 163 p.
999
_c
43148
_d
43148
040
_a
DO-SdBNP